000 00553nam a2200193 i 4500
001 35447
003 ES-MaACL
005 20250710062719.0
007 t|
008 030213s1958 fr ||||1| fre d
100 1 _aBouard, Michel de.
_930819
245 1 0 _aGuillaume le Conquérant /
_cpar Michel de Bouard.
260 _aParis :
_bPresses Universitaires de France,
_c1958.
300 _a126 p. ;
_c18 cm.
490 1 _aQue sais-je? ;
_v799
830 0 0 _aQue sais-je?
_v799
_9180931
852 _aES-MaACL
_jC-15256
_bR.43282
999 _c35447
_d35447